Paises mas consumidores de porros - Estadísticas

Estadísticas generales
  • Esta prueba ha sido intentada 47 veces
  • La puntuación promedio es 5 de 10
Estadísticas de respuestas
Hint Respuesta % Correcto
16,2 estados unidos
90%
15 estados unidos
90%
13,5 españa
88%
13,8 francia
69%
14,8 canada
67%
10 australia
45%
30 chile
38%
11 uruguay
33%
15 nigeria
14%
18,3 islandia
2%
No se encontraron pruebas coincidentes
Distribución de puntuación
Porcentaje de gente con cada puntuación
Porcentaje por número respondido
Historial de tus puntuaciones
No has intentado esta prueba.